Microsoft Visual Basic 6.0 và lập trình cơ sở dữ liệu /

Giới thiệu môi trường làm việc của Visual Basic. Các kỹ thuật lập trình cơ bản. Những kỹ năng giúp mở rộng các tính năng của ứng dụng. Chuyên về cơ sở dữ liệu.

Guardat en:
Dades bibliogràfiques
Autor principal: Nguyễn Thị Ngọc Mai.
Altres autors: Hoàng Đức Hải., Nguyễn Thị Kim Trang.
Format: Llibre
Idioma:Vietnamese
Publicat: Tp.HCM : Giáo dục, 2000.
Matèries:
Etiquetes: Afegir etiqueta
Sense etiquetes, Sigues el primer a etiquetar aquest registre!
Thư viện lưu trữ: Mạng thư viện Đại học Đà Nẵng
LEADER 01366cam a2200385 i 4500
001 000043077
003 952
005 20041103104120.0
008 010217b2000 vm 000 vie
020 |c 125000 
022 |a T 
040 |a IRC  |c IRC  |d IRC 
041 0 |a vie 
082 1 4 |a 005.13  |b NG-M 
100 1 |a Nguyễn Thị Ngọc Mai. 
245 1 0 |a Microsoft Visual Basic 6.0 và lập trình cơ sở dữ liệu /  |c Nguyễn Thị Ngọc Mai (chủ biên), Nguyễn Thị Kim Trang, Hoàng Đức Hải ; Cố vấn khoa học GSTS. Nguyễn Hữu Anh. 
260 |a Tp.HCM :  |b Giáo dục,  |c 2000. 
300 |a 1075 tr. ;  |c 23,3 cm. 
520 3 |a Giới thiệu môi trường làm việc của Visual Basic. Các kỹ thuật lập trình cơ bản. Những kỹ năng giúp mở rộng các tính năng của ứng dụng. Chuyên về cơ sở dữ liệu. 
630 0 4 |a Tin học. 
630 0 4 |a Visual Basic. 
630 0 4 |a Computer program language. 
650 0 4 |a Microsoft Visual Basic (Ngôn ngữ lập trình máy tính) 
700 1 |a Hoàng Đức Hải. 
700 1 |a Nguyễn Thị Kim Trang. 
OWN |a DUT 
999 |a From the UDN01 
TYP |a Monograph 
TYP |a Printed language 
980 |a Mạng thư viện Đại học Đà Nẵng